00549nam a2200169 i 450000100060000000300090000600500170001500700030003200800410003510000360007624500430011226000420015530000200019785200230021799900170024095201220025736551ES-MaACL20250712063121.0t|030218s1921 xxk ||||1| eng d1 aBryce, James,d1838-192293225310aModern democracies / cby James Bryce. aLondon : bMacmillan and CÂș, c1921. a2 v. ; c22 cm. aES-MaACLjC-1141-2 c36551d36551 00104070aATENEOMbATENEOMcSPALd2008-01-17eSCl0oC-1141-2p1038405r2023-02-23 00:00:00w2023-02-23yMONOGRAFIA